00527nam a22001577a 450000500170000001000130001702000260003003700180005608200080007410000210008224500940010325000320019726000390022927000680026830000330033620200128102252.0 aB-731172 a9780670089901c799.00 adplbDBAD/Pub 2921 aSengupta, Hindol aThe man who saved India Srdar Patel and his ideas of IndiacGeoft Martz and Adam Robinson a2016bedited by Calvin Cato aGurgonbPenguin Random housec2018 a7th Floor, Infinity Tower C, DLF, Cyber City, bGurgon e122002 axlii,437p.bphotosc22cm(Hb)